000 00813nam a22003017a 4500
003 OSt
005 20140310182022.0
008 130731t xxu||||| |||| 00| 0 eng d
020 _a8173014175
020 _a8173014183
050 _aQA 76
_b.G981 2000
082 _aTR 004.02D
_bM66 2000
100 _aGurvinder, Minhas
_97126
245 _aDreamland's operate computers yourself
_cMinhas Gurvinder.
260 _aIndia :
_bDreamlands Publications,
_cc2000.
300 _a144 p. :
_bill. col. ;
_c28 cm.
440 _aOperate Computers Yourself
_97127
650 _aComputer.
_93878
830 _aPart 3
_97128
830 _aPart 4
_97129
830 _aPart 2
_97257
830 _aPart 1
_97258
942 _2lcc
_cBK-TR
999 _c8374
_d8374